Exploring electricity electronics with the electrical team / (Record no. 180541)
[ view plain ]
| 000 -LEADER | |
|---|---|
| fixed length control field | 01322 a2200217 4500 |
| 003 - CONTROL NUMBER IDENTIFIER | |
| control field | Nust |
| 005 - DATE AND TIME OF LATEST TRANSACTION | |
| control field | 20221028182510.0 |
| 010 ## - LIBRARY OF CONGRESS CONTROL NUMBER | |
| LC control number | 76003947 |
| 020 ## - INTERNATIONAL STANDARD BOOK NUMBER | |
| International Standard Book Number | 0827311664 |
| 040 ## - CATALOGING SOURCE | |
| Transcribing agency | Nust |
| 082 00 - DEWEY DECIMAL CLASSIFICATION NUMBER | |
| Classification number | 621.31,ROL |
| 100 1# - MAIN ENTRY--PERSONAL NAME | |
| Personal name | Rollain, Philip J. |
| 9 (RLIN) | 101693 |
| 245 10 - TITLE STATEMENT | |
| Title | Exploring electricity electronics with the electrical team / |
| Statement of responsibility, etc. | Philip J. Rollain and Thomas E. Kraus. |
| 260 ## - PUBLICATION, DISTRIBUTION, ETC. | |
| Place of publication, distribution, etc. | Albany : |
| Name of publisher, distributor, etc. | Delmar Publishers, |
| Date of publication, distribution, etc. | c1979. |
| 300 ## - PHYSICAL DESCRIPTION | |
| Extent | iv, 170 p. : |
| Other physical details | ill. ; |
| Dimensions | 27 cm. |
| 505 ## - FORMATTED CONTENTS NOTE | |
| Formatted contents note | Why Study Electricity (Page-1), What is Electricity (Page-6), Conductors and Insulators (Page-11), The Electrical Team (Page-15), Meters (Page-19) Ohm’s Law (Page-24), Six Methods of Producing Electricity (Page-29), Electricity from Chemicals (Page-36), Magnetism (Page-43), Magnetism and Electricity (Page-48), Electromagnetism (Page-51), Introduction to Circuits (Page-57), Series Circuits (Page-64), Parallel Circuits (Page-70), Electrical Power (Page-76), D.C. Motors and Generators (Page-84), Alternating Current (Page-91), Transformers (Page-95), What is Electronics (Page-102), Resistance and Resistors (Page-109), Capacitance and Inductors (Page-116), Communications Caveman to Spaceman (Page-137). |
| 650 #0 - SUBJECT ADDED ENTRY--TOPICAL TERM | |
| Topical term or geographic name entry element | Electrical engineering |
| 650 #0 - SUBJECT ADDED ENTRY--TOPICAL TERM | |
| Topical term or geographic name entry element | Electronics |
| 700 1# - ADDED ENTRY--PERSONAL NAME | |
| Personal name | Kraus, Thomas E., |
| 9 (RLIN) | 101694 |
| 942 ## - ADDED ENTRY ELEMENTS (KOHA) | |
| Source of classification or shelving scheme | |
| Koha item type | Book |
| Withdrawn status | Lost status | Source of classification or shelving scheme | Damaged status | Not for loan | Permanent Location | Current Location | Shelving location | Date acquired | Full call number | Barcode | Date last seen | Price effective from | Koha item type | Public note |
|---|---|---|---|---|---|---|---|---|---|---|---|---|---|---|
| Military College of Signals (MCS) | Military College of Signals (MCS) | General Stacks | 12/12/2016 | 621.31,ROL | MCS5853 | 12/08/2016 | 12/12/2016 | Book | Almirah No.28, Shelf No.6 |
